|
|
|
|
| LEADER |
00000nam2a2200000 4500 |
| 001 |
259146 |
| 005 |
20231101233348.0 |
| 020 |
|
|
|a RU
|b 89-6846ж
|
| 035 |
|
|
|a (RuTPU)RU\TPU\book\282061
|
| 035 |
|
|
|a RU\TPU\book\272803
|
| 035 |
|
|
|a RU\TPU\book\234693
|
| 090 |
|
|
|a 259146
|
| 100 |
|
|
|a 20140506d1988 k y0rusy5003 ca
|
| 101 |
0 |
|
|a rus
|
| 102 |
|
|
|a UA
|
| 105 |
|
|
|a a z 001zy
|
| 200 |
0 |
|
|a Вып. 45
|
| 210 |
|
|
|d 1988
|
| 215 |
|
|
|d 22 см
|a 142 с.
|c ил.
|
| 320 |
|
|
|a Библиогр. в конце ст.
|
| 461 |
|
1 |
|0 (RuTPU)RU\TPU\book\250807
|t Теоретическая электротехника
|o республиканский межведомственный научно-технический сборник
|f Львовский государственный университет ; под ред. Л. А. Синицкого
|d 1966-1991
|
| 606 |
1 |
|
|a Электротехника теоретическая
|2 stltpush
|3 (RuTPU)RU\TPU\subj\20909
|9 45970
|
| 610 |
1 |
|
|a электрические цепи
|
| 610 |
1 |
|
|a электронные цепи
|
| 610 |
1 |
|
|a графы
|
| 610 |
1 |
|
|a теория поля
|
| 610 |
1 |
|
|a топологические методы
|
| 610 |
1 |
|
|a сигнальные графы
|
| 610 |
1 |
|
|a линейные цепи
|
| 610 |
1 |
|
|a нелинейные схемы
|
| 610 |
1 |
|
|a расчет
|
| 675 |
|
|
|a 621.3.01
|v 3
|
| 801 |
|
1 |
|a RU
|b 63413507
|c 20140214
|
| 801 |
|
2 |
|a RU
|b 63413507
|c 20151211
|g RCR
|
| 942 |
|
|
|c BK
|